000 01666cam a22003614a 4500
999 _c2016
_d2016
001 13736145
003 GZU
005 20201026151415.0
008 040930s2005 enkab b 001 0 eng
010 _a 2004043193
020 _a0130259497 (pbk.)
040 _aDLC
_cDLC
_dDLC
042 _apcc
043 _afw-----
050 0 0 _aHC1000
_b.WES 2005
082 0 0 _a338.966
_222
245 0 0 _aWest African worlds :
_bpaths through socio-economic change, livelihoods, and development /
_cedited by Reginald Cline-Cole and Elsbeth Robson.
260 _aHarlow, England ;
_aNew York :
_bPearson/Prentice Hall,
_c2005.
300 _axvi, 293 p. :
_bill., map ;
_c24 cm.
440 0 _aDARG regional development series ;
_vno. 6
500 _aAt head of title: Developing Areas Research Group, the Royal Geographical Society (with the Institute of British Geographers).
504 _aIncludes bibliographical references and index.
650 0 _aEconomic development
_xSocial aspects
_zAfrica, West.
651 0 _aAfrica, West
_xEconomic conditions
_y1960-
651 0 _aAfrica, West
_xSocial conditions
_y1960-
700 1 _aCline-Cole, R. A.
700 1 _aRobson, Elsbeth.
710 2 _aRoyal Geographical Society (with The Institute of British Geographers).
_bDeveloping Areas Research Group.
856 4 1 _3Table of contents
_uhttp://www.loc.gov/catdir/toc/fy0601/2004043193.html
906 _a7
_bcbc
_corignew
_d1
_eocip
_f20
_gy-gencatlg
942 _2lcc
_cBK
_h1000
_iWES
_kHC